Lara dan Sara

Bibliographic Details
Main Author: Rohaty Mohd. Majzub
Other Authors: Meor Kamarudin Meor Ismail
Format: Book
Published: Kuala Lumpur : Dewan Bahasa Dan Pustaka , 1992
Series:Program Bacaan Awal (BAWAL) Tahap 1
Subjects:

MARC

LEADER 00000cam a2200000 7i4500
001 0000007160
002 000007704
005 20000330.0
020 |a 9836223452 
090 0 0 |a JF   |b ROH 
100 1 |a Rohaty Mohd. Majzub 
245 1 0 |a Lara dan Sara   |c Rohaty Mohd. Majzub ; illustrasi oleh Meor Kamarudin Meor Ismail 
260 |a Kuala Lumpur :   |b Dewan Bahasa Dan Pustaka ,   |c 1992 
300 |a 18 p. :   |b ill. ;   |c 19 cm. 
490 0 |a Program Bacaan Awal (BAWAL) Tahap 1 
650 0 0 |a Children's stories, Malay 
700 1 |a Meor Kamarudin Meor Ismail 
999 |a 025730   |b BUKU   |c PINJAMAN   |e PERPUSTAKAAN KOMUNITI PETALING JAYA